Kygo feat. Sandro Cavazza - Happy Now (All Lyrics) - Statistics

General Stats
  • This quiz has been taken 42 times
    7 since last reset
  • The average score is 316 of 348
Answer Stats
Answer % Correct
a
100%
all
100%
And
100%
and
100%
be
100%
before
100%
but
100%
But
100%
don't
100%
down
100%
go
100%
goes
100%
gone
100%
good
100%
happy
100%
hard
100%
hope
100%
I
100%
I'll
100%
it
100%
it's
100%
It's
100%
just
100%
know
100%
let
100%
matter
100%
me
100%
minutes
100%
now
100%
of
100%
right
100%
Sun
100%
that
100%
the
100%
to
100%
wanna
100%
was
100%
wasn't
100%
We
100%
we
100%
you
100%
You
100%
you'll
100%
admit
80%
afraid
80%
believe
80%
get
80%
it'll
80%
life
80%
make
80%
on
80%
out
80%
So
80%
so
80%
We're
80%
we're
80%
will
80%
with
80%
Yeah
80%
could
60%
crazy
60%
fade
60%
fast
60%
"forever"
60%
held
60%
how
60%
in
60%
kept
60%
known
60%
love
60%
move
60%
past
60%
really
60%
said
60%
see
60%
should've
60%
Step
60%
step
60%
this
60%
time
60%
trying
60%
want
60%
better
40%
by
40%
Can't
40%
chances
40%
fire's
40%
if
40%
say
40%
thought
40%
dying
20%
No matching quizzes found
Score Distribution
Percent of People with Each Score
Percentile by Number Answered
Your Score History
You have not taken this quiz since the last reset